000 00981nam a2200205Ia 4500
003 OSt
005 20241010091555.0
007 ca aa aaaaa
008 201103s9999 xx 000 0 und d
040 _cSSBUL
041 _abur
082 _223
_a၂၉၄.၃၄၃၅၀၉ ပ
_b၉၀၈၉ S-SAT
100 0 _aပညောဘာသ၊ ဦး
245 1 0 _aဖလားစောင်ဆေဖိတ်ခေါ်မိုးညှင်းမြို့ ကျားဖြူရှင်ဘုရားသမိုင်း /
_cဦးပညာဘာသ။
260 _aရန်ကုန် ၊
_bစာပေပေါင်းကူပုံနှိပ်တိုက်၊
_c၁၉၈၃။
300 _aဎ၊ ၉၆ စာမျက်နှာ ၊
_bဓါတ်ပုံများ ၊
_c၁၈ စင်တီ။
500 _aS-SAT: Dr. Sai Aung Tun
650 _aကျားဖြူရှင်စေတီ
_vသမိုင်း
_954994
942 _2ddc
_cBK1
999 _c16642
_d16642